[Event "Vezerkepzo GM Mix 2021"]
[White "Egresi, Mate"]
[Black "Leszko, Bence"]
[WhiteFideId "738506"]
[BlackFideId "769070"]
[WhiteElo "2383"]
[BlackElo "2311"]
[Result "1/2-1/2"]
[Round "07"]
[TimeControl "5400+30"]
[Date "2021.06.29"]
[WhiteClock "0:06:34"]
[BlackClock "0:16:17"]

1. Nf3 {[%clk 1:28:09]}  d5 {[%clk 1:27:10]} 2. g3 {[%clk 1:28:09]}  c5 {[%clk 1:27:19]} 3. Bg2 {[%clk 1:28:30]}  Nc6 {[%clk 1:27:31]} 4. d4 {[%clk 1:28:54]}  cxd4 {[%clk 1:26:12]} 5. Nxd4 {[%clk 1:28:54]}  e5 {[%clk 1:26:32]} 6. Nxc6 {[%clk 1:29:45]}  bxc6 {[%clk 1:26:59]} 7. c4 {[%clk 1:30:09]}  Nf6 {[%clk 1:19:48]} 8. O-O {[%clk 1:30:06]}  Be7 {[%clk 1:18:23]} 9. Nc3 {[%clk 1:29:06]}  Be6 {[%clk 1:17:43]} 10. Bg5 {[%clk 1:28:43]}  e4 {[%clk 1:15:45]} 11. cxd5 {[%clk 1:25:41]}  cxd5 {[%clk 1:16:09]} 12. Qa4+ {[%clk 1:26:07]}  Qd7 {[%clk 1:16:19]} 13. Qxd7+ {[%clk 1:25:08]}  Nxd7 {[%clk 1:16:47]} 14. Be3 {[%clk 1:21:49]}  Bf6 {[%clk 1:12:22]} 15. Rfd1 {[%clk 1:18:13]}  Bxc3 {[%clk 1:12:06]} 16. bxc3 {[%clk 1:18:38]}  Nb6 {[%clk 1:10:29]} 17. Rdb1 {[%clk 1:11:38]}  O-O {[%clk 1:08:41]} 18. Bd4 {[%clk 1:11:38]}  Rfc8 {[%clk 1:08:32]} 19. a4 {[%clk 1:10:30]}  Nc4 {[%clk 1:06:12]} 20. a5 {[%clk 1:09:04]}  a6 {[%clk 1:06:12]} 21. f3 {[%clk 0:57:41]}  exf3 {[%clk 1:05:18]} 22. Bxf3 {[%clk 0:58:01]}  Rab8 {[%clk 1:04:44]} 23. Rb4 {[%clk 0:56:52]}  Nd2 {[%clk 1:01:08]} 24. Rb6 {[%clk 0:54:25]}  Ra8 {[%clk 0:54:52]} 25. Kf2 {[%clk 0:53:05]}  Nc4 {[%clk 0:54:55]} 26. Rb4 {[%clk 0:53:17]}  Nd6 {[%clk 0:54:55]} 27. Rab1 {[%clk 0:51:08]}  h6 {[%clk 0:51:46]} 28. Rb6 {[%clk 0:47:58]}  Nc4 {[%clk 0:44:47]} 29. e4 {[%clk 0:48:08]}  Rd8 {[%clk 0:45:16]} 30. R6b4 {[%clk 0:32:28]}  Nd2 {[%clk 0:37:02]} 31. exd5 {[%clk 0:31:25]}  Bf5 {[%clk 0:37:20]} 32. Re1 {[%clk 0:24:35]}  Nxf3 {[%clk 0:37:43]} 33. Kxf3 {[%clk 0:24:54]}  Rxd5 {[%clk 0:38:05]} 34. Re5 {[%clk 0:25:14]}  Rxe5 {[%clk 0:36:05]} 35. Bxe5 {[%clk 0:25:27]}  Rc8 {[%clk 0:36:25]} 36. Bd4 {[%clk 0:15:59]}  Bd3 {[%clk 0:36:10]} 37. Rb6 {[%clk 0:16:09]}  Rc7 {[%clk 0:34:58]} 38. Ke3 {[%clk 0:15:27]}  Bc4 {[%clk 0:35:22]} 39. Rb8+ {[%clk 0:15:43]}  Kh7 {[%clk 0:35:49]} 40. Bb6 {[%clk 0:16:03]}  Rc6 {[%clk 0:34:41]} 41. Rb7 {[%clk 0:15:30]}  Be6 {[%clk 0:24:48]} 42. Rc7 {[%clk 0:15:20]}  Rxc7 {[%clk 0:24:35]} 43. Bxc7 {[%clk 0:15:36]}  Kg6 {[%clk 0:24:45]} 44. Kd4 {[%clk 0:16:03]}  f6 {[%clk 0:24:14]} 45. c4 {[%clk 0:16:04]}  Kf7 {[%clk 0:06:22]} 46. c5 {[%clk 0:16:23]}  Ke7 {[%clk 0:06:32]} 47. c6 {[%clk 0:07:20]}  Bg4 {[%clk 0:06:47]} 48. Kc5 {[%clk 0:07:36]}  Bf3 {[%clk 0:07:08]} 49. Bd6+ {[%clk 0:05:46]}  Kd8 {[%clk 0:07:27]} 50. Kb6 {[%clk 0:05:22]}  Kc8 {[%clk 0:07:47]} 51. Bf8 {[%clk 0:05:48]}  g5 {[%clk 0:07:29]} 52. Bxh6 {[%clk 0:01:28]}  g4 {[%clk 0:07:58]} 53. Bf4 {[%clk 0:01:14]}  Be2 {[%clk 0:07:58]} 54. Kc5 {[%clk 0:01:36]}  f5 {[%clk 0:08:22]} 55. c7 {[%clk 0:01:06]}  Bd3 {[%clk 0:08:45]} 56. Kd4 {[%clk 0:01:32]}  Bb1 {[%clk 0:08:45]} 57. Ke3 {[%clk 0:01:58]}  Bc2 {[%clk 0:09:09]} 58. Be5 {[%clk 0:02:10]}  Bb1 {[%clk 0:09:49]} 59. Kf4 {[%clk 0:02:33]}  Bc2 {[%clk 0:10:13]} 60. Kg5 {[%clk 0:02:33]}  Bb1 {[%clk 0:10:33]} 61. Kf6 {[%clk 0:02:07]}  Bc2 {[%clk 0:10:59]} 62. Bd6 {[%clk 0:02:33]}  Bb1 {[%clk 0:11:21]} 63. Ke5 {[%clk 0:02:33]}  Bc2 {[%clk 0:11:47]} 64. Kd4 {[%clk 0:03:25]}  Bb1 {[%clk 0:12:12]} 65. Kc3 {[%clk 0:03:50]}  Be4 {[%clk 0:12:27]} 66. Be5 {[%clk 0:04:13]}  Bb1 {[%clk 0:12:52]} 67. Kd4 {[%clk 0:04:39]}  Bc2 {[%clk 0:13:18]} 68. Ke3 {[%clk 0:04:45]}  Bb1 {[%clk 0:13:28]} 69. Bd6 {[%clk 0:03:27]}  Bc2 {[%clk 0:13:45]} 70. Kf2 {[%clk 0:03:54]}  Bb1 {[%clk 0:14:10]} 71. Kg2 {[%clk 0:03:54]}  Be4+ {[%clk 0:14:36]} 72. Kf1 {[%clk 0:04:46]}  Bb1 {[%clk 0:16:17]} 73. Ke2 {[%clk 0:06:07]}  Bc2 {[%clk 0:16:17]} 74. Kd2 {[%clk 0:06:07]}  Bb1 {[%clk 0:16:17]} 75. Ke3 {[%clk 0:06:07]}  Bc2 {[%clk 0:16:17]} 76. Bf4 {[%clk 0:06:34]} 1/2-1/2